Musicals by Song #2 - Statistics

General Stats
  • This quiz has been taken 35 times
  • The average score is 17 of 51
Answer Stats
Hint Answer % Correct
Summer Nights Grease
90%
Suddenly Seymour Little Shop of Horrors
84%
Who Lives Who Dies Who Tells Your Story Hamilton
81%
Seventeen Heathers
74%
A New Argentina Evita
71%
Empty Chairs at Empty Tables Les Mis
71%
Paris/Look Down Les Miserables
71%
Zero to Hero Hercules
68%
Revenge Party Mean Girls
68%
I Feel Pretty West Side Story
68%
La Vie Boheme B Rent
65%
Two Ladies Cabaret
61%
Heart of Stone Six
61%
All I Ask of You Phantom of the Opera
55%
Wonderful Wicked
55%
Serious Legally Blonde
48%
Hard to Be the Bard Something Rotten
48%
I Cain't Say No Oklahoma
42%
Oh, The Thinks You Can Think Seussical
42%
They Live in You The Lion King
39%
Cooties Hairspray
35%
Two By Two The Book of Mormon
35%
Tell Me, Ernest Death Becomes Her
32%
Breathe In the Heights
32%
Too Darn Hot Kiss Me Kate
26%
Everything Changes Waitress
26%
And Eve Was Weak Carrie
23%
Backstage Romance Moulin Rouge
23%
Thuy's Intervention Miss Saigon
19%
Corn Puddin' Schmigadoon
19%
A Summer in Ohio The Last Five Years
19%
It's Time to Dance The Prom
19%
The Hill Once
16%
Waiting for Life Once on this Island
16%
Cinderella, Darling How to Succeed in Business
13%
Liza An American in Paris
10%
The Flowers of Yorkshire Calendar Girls
10%
Hey, Good Lookin' Dogfight
10%
It's All Over Dreamgirls
10%
You Learn to Live Without If/Then
10%
The Trial: Hammer of Justice Parade
10%
You're Beautiful Pretty Woman
10%
The Night that Goldman Spoke at Union Square Ragtime
10%
Haj-Batrus The Band's Visit
10%
What I Was Born to Do Bring it On
6%
The Worst Job in England Diana
6%
My First Real Love Just in Time
6%
Play Neverland
6%
Don't Wanna Be Here Ordinary Days
6%
The Starry Night Starry
6%
Messing About in a Boat Wind in the Willows
6%
No matching quizzes found
Score Distribution
Percent of People with Each Score
Percentile by Number Answered
Your Score History
You have not taken this quiz